000 01526nam0a2200385 4500
001 RU\NLR\bibl\1516405
005 20250616025153.0
010 _a978-5-93286-185-1
_91200
021 _aRU
_b2010-28624
_91929
035 _a(nilc)RSL-KNO-004632806
035 _a(NLR Aleph) 001507782
090 _a61051
_c61051
100 _a20100421d2010 |||y0rusy50 ca
101 1 _arus
_ceng
102 _aRU
105 _aa zzzz|||||
200 1 _aGrails. Гибкость Groovy и надежность Java
_fГлен Смит, Питер Ледбрук
_g[пер. с англ. А. Киселева]
210 _aСанкт-Петербург
_aМосква
_cСимвол
_d2010
215 _a651 с.
_cил., табл.
_d24
225 1 _aHigh tech
300 _aЗагл. и авт. ориг.: Grails in action / Glen Smith, Peter Ledbrook
320 _aАлф. указ.: с. 628-651
454 0 _12001#$aGrails in action$fGlen Smith, Peter Ledbrook
_1700#1$aSmith$bG.$gGlen$4070
_1701#1$aLedbrook$bP.$gPeter$4070
_tGrails in action
_aSmith, Glen
606 1 _aGRAILS, система программирования
_92623384
_3RU\NLR\auth\661559944
610 0 _aWeb-платформа Grails
686 _aЗ973.233.02-018.2,07
_2rubbk
686 _aЗ988.02-018
700 1 _aСмит
_bГ.
_gГлен
_4070
701 1 _aЛедбрук
_bП.
_gПитер
_4070
801 0 _aRU
_bРГБ
_c20100421
_grcr
801 1 _aRU
_bРГБ
_c20100421
801 2 _aRU
_bNLR
_c20100528
_grcr
942 _cBOOK
980 _aNB